[Event "17th Prague Open 2018"]
[Site "Prague"]
[Date "2018.01.16"]
[Round "6"]
[White "Novy, Filip"]
[Black "Szpar, Milosz"]
[Result "0-1"]
[WhiteElo "2217"]
[BlackElo "2367"]
[Annotator "TA"]
[PlyCount "54"]
[EventDate "2018.??.??"]
[EventType "swiss"]
[EventCountry "CZE"]
[SourceTitle "playchess.com"]
[Source "ChessBase"]
[SourceQuality "1"]

{[%evp 19,54,43,56,31,30,-25,-38,-108,-93,-115,-94,-154,-173,-168,-50,-152,-152,-295,-272,-406,-419,-419,-197,-412,-386,-573,-591,-582,-575,-1529,-1519,-1802,-1731,-1985,-1929,-5708,-2056]} 1. c4 c5 2. Nf3 Nf6 3. Nc3 g6 4. d4 cxd4 5. Nxd4 Nc6 6. e4 d6 7. Be2 Bg7 8. Be3 O-O 9. O-O Bd7 10. Nb3 a5 {[%cal Ba7a5,Ba5a4,Ba4a3][%mdl 32]} 11. f4 {B38: Sicilian: Maroczy Bind with 5...Bg7 and 7...0-0} (11. c5 a4 12. Nd2 a3 13. cxd6 axb2 14. Rb1 exd6 15. Nc4 Be6 16. Bb6 Qe7 17. Qxd6 Bxc4 18. Qxe7 Nxe7 19. Bxc4 {1-0 (43) Ragger,M (2698)-Guseinov,G (2634) Berlin 2015}) 11... a4 12. Nd2 $146 (12. Nd4 $142) ({Predecessor:} 12. Nd4 Qb6 13. e5 dxe5 14. fxe5 Nxe5 15. Nf5 Qe6 16. Nxg7 Kxg7 17. Qd4 Rfc8 18. c5 Nc6 {½-½ (32) Rehtman,P (2046)-Rogos,J (2214) ICCF email 2009}) 12... a3 $11 13. b3 (13. b4 $15) 13... Ng4 $1 $17 {[%cal Rg4e3]} 14. Bxg4 Bxc3 15. Rc1 (15. f5 $142) 15... Bxg4 16. Qxg4 {[#]} Bg7 (16... Bb2 $1 $19 17. Rce1 Nb4) 17. Nf3 (17. Qe2 $15) 17... Nb4 18. f5 (18. Rf2 $17 {was the only defense.}) 18... Nxa2 $19 19. Rce1 {[#]} (19. Rcd1 {was called for.}) 19... Nb4 $1 {[%cal Ba2b4,Bb4c2,Bc2e3][%mdl 32]} 20. fxg6 hxg6 (20... fxg6 $142 21. Qe6+ Kh8) 21. Nh4 $2 (21. Qh4 f6 22. Nd4) 21... Qe8 22. Nf3 (22. Bd2 $142 Bd4+ 23. Kh1) 22... Nc2 {Black is clearly winning.} 23. Ng5 {Qh4! would kill now.} Bf6 24. Rxf6 exf6 25. Nh7 Kxh7 26. Qh4+ Kg8 27. Qxf6 Nxe3 {Precision: White =  6%, Black = 51%.} 0-1

[Event "17th Prague Open 2018"]
[Site "Prague"]
[Date "2018.01.16"]
[Round "6"]
[White "Ranaldi, Lucas"]
[Black "Melamed, Tatjana"]
[Result "0-1"]
[WhiteElo "2212"]
[BlackElo "2347"]
[Annotator "TA"]
[PlyCount "68"]
[EventDate "2018.??.??"]
[EventType "swiss"]
[EventCountry "CZE"]
[SourceTitle "playchess.com"]
[Source "ChessBase"]
[SourceQuality "1"]

{[%evp 10,68,0,0,5,19,29,20,22,20,26,26,31,19,70,0,0,0,11,0,0,0,-14,-97,12,3,13,8,8,0,0,0,0,-264,-252,-278,-256,-253,-262,-416,-409,-425,-427,-449,-449,-520,-520,-512,-495,-676,-675,-670,-656,-729,-752,-732,-729,-767,-767,-840,-829]} 1. c4 e5 2. g3 Nf6 3. Bg2 d5 4. cxd5 Nxd5 5. Nc3 Nb6 6. e3 Nc6 {A22: English Opening: 1...e5 2 Nc3 Nf6} 7. Nge2 Be7 (7... h5 8. d4 h4 9. d5 Ne7 10. e4 hxg3 11. hxg3 Rxh1+ 12. Bxh1 Ng8 13. Be3 Nf6 14. Qc2 {0-1 (57) Ponkratov,P (2613)-Karjakin,S (2760) Riadh 2017}) 8. O-O O-O {The position is equal.} 9. f4 Bf5 10. fxe5 Bd3 11. e6 f6 $146 (11... fxe6 $11 12. Rxf8+ Qxf8) ({Predecessor:} 11... f5 12. b3 Qd6 13. a4 a5 14. Ba3 {1-0 (41) Real de Azua,E (2458)-Perez Gormaz,M (2438) San Luis 2016}) 12. Nf4 (12. Rf2 $14) 12... Bxf1 $11 13. Qxf1 Bd6 14. d4 {[%cal Bd2d4,Bd4d5][%mdl 32]} Qe7 15. Nb5 Bxf4 16. gxf4 {[#]} (16. Qxf4 $11 Rfc8 17. Nc3) 16... a6 (16... f5 $1 $17 17. Qd1 Nb4) 17. Nc3 $1 f5 18. d5 Na7 19. e4 Nb5 $36 {[%mdl 2048] White must now prevent ...Nxc3. Black has some pressure.} 20. Be3 fxe4 $1 21. Nxb5 $2 {[%mdl 8192]} (21. Bxe4 $11 {and White is okay.} Nd6 22. Bd3) 21... Nxd5 $19 ({Worse is} 21... axb5 22. Qxb5 Rad8 23. Bc5 $14 (23. Bxe4 Nxd5 24. Bxd5 Rf5 $15)) 22. Bxe4 Nxe3 23. Qh3 {[%csl Ge4][%cal Rh3h7]} Nf5 24. Nc3 (24. Nd4 $142 Nh6 25. Rf1) 24... c6 25. Re1 g6 {Black is clearly winning.} 26. Kh1 Rae8 27. Qd3 Qh4 28. Qd2 Ng3+ 29. Kg2 Nxe4 30. Rxe4 {[#]} Rxe6 $1 {[%mdl 512]} 31. Qe2 (31. Rxe6 Qg4+) 31... Rxe4 32. Nxe4 Qxf4 33. Kg1 Kg7 34. Qd3 Qc1+ {Precision: White = 36%, Black = 75%.} 0-1

[Event "17th Prague Open 2018"]
[Site "Prague"]
[Date "2018.01.16"]
[Round "6"]
[White "Raahul V S"]
[Black "Kulkarni Bhakti"]
[Result "1-0"]
[WhiteElo "2205"]
[BlackElo "2306"]
[Annotator "TA"]
[PlyCount "109"]
[EventDate "2018.??.??"]
[EventType "swiss"]
[EventCountry "CZE"]
[SourceTitle "playchess.com"]
[Source "ChessBase"]
[SourceQuality "1"]

{[%evp 18,109,0,0,0,0,29,-21,70,67,68,75,80,76,77,65,76,60,59,72,83,71,115,115,115,115,111,112,158,158,158,156,158,156,160,162,164,164,162,162,151,131,157,133,156,148,158,150,168,158,158,164,158,151,158,158,161,151,195,195,195,186,201,181,219,215,210,218,222,221,220,217,243,238,279,279,327,310,465,460,470,455,477,436,579,564,555,506,647,647,644,627,645,605]} 1. c4 e6 2. g3 d5 3. Bg2 Nf6 4. Nf3 dxc4 5. Qa4+ Bd7 6. Qxc4 {A13: Reti-Eröffnung} c5 7. Ne5 Qc8 8. Nc3 (8. Qd3 Nc6 9. Nxd7 Nxd7 10. Qb3 Be7 11. Nc3 O-O 12. O-O Rd8 13. d3 Nb6 {½-½ (31) Aronian,L (2799)-Ding,L (2777) Tbilisi 2017}) 8... Nc6 9. Nxd7 Qxd7 10. O-O {LiveBook: 33 Partien} Be7 11. Qa4 Nd5 $146 ({Vorgänger:} 11... O-O 12. Bxc6 bxc6 {1-0 (74) Bezold,M (2509)-Halkias,S (2534) Berlin 2015}) 12. Qg4 Nxc3 (12... h5 $1 $11 13. Qa4 Rd8) 13. dxc3 $14 O-O $1 14. Bh6 {[%csl Gh6][%cal Rg4g7] [#]} Bf6 15. Be3 Ne5 16. Qe4 b6 17. Bf4 Ng6 18. Rad1 $36 {[%mdl 2048] Schwarz steht unter starkem Druck.} Qb5 19. Bd6 {Und Dc2 würde nun gewinnen.} Be7 {[#]} 20. Bxe7 $1 Nxe7 21. Qd3 Qxd3 22. Rxd3 Nd5 23. Bxd5 exd5 24. Rxd5 $16 {[%mdl 4096] Endspiel KTT-KTT} Rfe8 25. e3 Re7 26. Rfd1 f6 27. a4 Kf7 28. a5 Rb8 29. axb6 axb6 30. Rd6 Re6 31. Rd8 Rb7 32. Kf1 Ke7 33. Rg8 Kf7 34. Rdd8 Ra7 35. Ra8 Rb7 36. Rgb8 Ree7 37. Ke2 c4 38. Rc8 b5 39. Rc5 Re6 40. Rac8 Ree7 41. Rd8 Rb6 42. Rdd5 Reb7 43. e4 Ke6 44. Ke3 Ke7 45. h4 {[%cal Bh2h4,Bh4h5][%mdl 32]} h6 46. h5 Ke6 47. Kf4 b4 (47... Rb8 $142 48. f3 R6b7) 48. Rxc4 $18 {Weiß steht klar auf Gewinn.} bxc3 49. bxc3 {[%cal Bb2c3,Bc3c4][%mdl 32]} Rb2 50. f3 Rc2 51. Rc6+ Kf7 52. Rd3 Ke7 53. c4 Ra7 54. g4 Rc1 55. Kf5 {Precision: Weiß = 82%, Schwarz = 39%.} 1-0

[Event "17th Prague Open 2018"]
[Site "Prague"]
[Date "2018.01.16"]
[Round "6"]
[White "Monin, Nikolay"]
[Black "Thakur, Akash"]
[Result "0-1"]
[WhiteElo "2193"]
[BlackElo "2338"]
[Annotator "TA"]
[PlyCount "52"]
[EventDate "2018.??.??"]
[EventType "swiss"]
[EventCountry "CZE"]
[SourceTitle "playchess.com"]
[Source "ChessBase"]
[SourceQuality "1"]

{[%evp 16,52,28,6,2,0,16,-4,0,-9,0,0,47,47,70,67,72,49,84,79,80,81,96,0,0,0,0,0,0,-1356,-1270,-1483,-1436,-5394,-5378,-2460,-2289,-29969,-3265]} 1. e4 e5 2. Nc3 Nc6 3. Bc4 Nf6 4. d3 Bb4 5. Nf3 d5 6. exd5 Nxd5 7. O-O Bxc3 8. bxc3 O-O 9. Ng5 Na5 {C42: Petroff Defence: 3 Nxe5 and unusual White 3rd moves} 10. Bxd5 Qxd5 11. Ba3 c5 {The position is equal.} 12. c4 $146 ({Find the theoretical novelty and annotate with similar games:} 12. Qf3 Qxf3 13. Nxf3 e4 14. dxe4 Re8 15. Nd2 b6 16. f4 Ba6 17. Rf2 {½-½ (48) Velasquez Ojeda,C (2359)-Ojeda Calderara,H (2114) Santiago de Chile 2004}) 12... Qc6 13. Qh5 {[%csl Gg5][%cal Rh5h7]} Bf5 (13... h6 $5 {[%cal Rh6g5]} 14. Ne4 b6 $11) 14. Nf3 g6 15. Qh6 {White threatens Ng5 and mate.} f6 {[#]} 16. Nh4 $1 b6 17. f4 e4 18. Rae1 Rae8 19. Bb2 (19. Nxf5 $16 gxf5 20. Re3) 19... Qd7 $1 $11 20. Nxf5 Qxf5 21. h3 exd3 {[%cal Be4d3,Bd3d2][%mdl 32]} 22. g4 $2 {[%mdl 8192]} (22. cxd3 $11 Rxe1 23. Rxe1) 22... Rxe1 $19 23. gxf5 d2 24. fxg6 Rxf1+ 25. Kg2 Rg1+ $1 26. Kf2 {[#]} hxg6 $1 {[%mdl 512] Precision: White = 45%, Black = 86%.} 0-1

[Event "17th Prague Open 2018"]
[Site "Prague"]
[Date "2018.01.16"]
[Round "6"]
[White "Stoynov, Yordan"]
[Black "Luukkonen, Tommi"]
[Result "0-1"]
[WhiteElo "2163"]
[BlackElo "2331"]
[Annotator "TA"]
[PlyCount "84"]
[EventDate "2018.??.??"]
[EventType "swiss"]
[EventCountry "CZE"]
[SourceTitle "playchess.com"]
[Source "ChessBase"]
[SourceQuality "1"]

{[%evp 27,84,-29,-20,-81,-66,-80,-70,-73,-31,-35,-5,-33,59,-42,-39,-83,-55,-39,-20,-46,-8,-19,0,-10,-9,-25,32,0,14,-130,-138,-139,-102,-119,-97,-112,20,-88,-89,-93,-91,-123,-21,-10,-11,-98,-46,-483,-483,-462,-477,-468,-450,-758,-739,-914,-893,-1386,-1362]} 1. e4 c5 2. Nf3 Nc6 3. d4 cxd4 4. Nxd4 g6 5. Nc3 Bg7 6. Nde2 d6 7. g3 Nf6 8. Bg2 O-O 9. O-O Rb8 10. a4 a6 11. h3 b5 12. axb5 axb5 13. Be3 b4 14. Nd5 Nd7 {LiveBook: 45 Games. B70: Sicilian Dragon: 6 g3 and 6 Be2 (without a later Be3)} 15. c3 (15. Bd4 $11) (15. Ra2 e6 16. Ndf4 Nc5 17. b3 Bb7 18. Nd3 Qe7 19. Qd2 Ne5 20. Nxe5 Bxe5 21. f3 f5 22. exf5 gxf5 {1-0 (73) Polgar,J (2709)-Kapnisis,S (2480) Achaea 2012}) 15... bxc3 $17 16. bxc3 e6 {Black is better.} 17. Ndf4 Qc7 $146 ({Predecessor:} 17... Nc5 18. Qc2 Qc7 19. Rfd1 Ne5 20. Bd4 Bd7 21. Ra2 Rfc8 22. Bxc5 Qxc5 {0-1 (94) Dimitrov,P (2329)-Drenchev,P (2491) Plovdiv 2014}) 18. Nd4 Nde5 19. Qa4 Bb7 (19... Ne7 $15) 20. Nb5 (20. Nfxe6 $14 fxe6 21. Nxe6) 20... Qe7 $15 21. Bb6 Bc8 22. Be3 Bd7 {next ...Na5! is good for Black.} 23. Rfd1 Nd8 {[%cal Bc6d8,Bd8b7,Bb7a5,Ba5c4][%mdl 32]} (23... Na5 $5 24. Qxa5 Bxb5 $17) 24. Rab1 Bc6 25. c4 Nb7 26. Qc2 Ra8 (26... Na5 $11 27. Bf1 Nb7) 27. Na7 Be8 {White should prevent ...Na5.} 28. Ne2 (28. Nd3 $1 $11) 28... Na5 $1 $36 {[%csl LRa7,LRc4][%mdl 2048] Black is on the roll.} 29. Nb5 Naxc4 {Hoping for ...Bxb5.} 30. Bc1 Rc8 31. Qa2 f5 ({Better is} 31... Rc5 $17 32. Nec3 Bc6) 32. f4 (32. exf5 $11 {keeps the balance.} gxf5 33. Nbd4) 32... Nf7 33. exf5 gxf5 34. Nbd4 Nd8 {[#]} (34... d5 $17 35. Bd2 Nfd6) 35. Nxe6 $1 $11 {[%mdl 512]} Nxe6 {[%cal Bd8e6,Be6d4,Bd4e2,Be2c3,Bc3a2][%mdl 32]} 36. Bd5 (36. Rb7 $1 $11 {remains equal.} Rc7 37. Rxc7 Nxc7 38. Qxc4+ d5 39. Bxd5+ Nxd5 40. Qxd5+ Kh8 41. Kf2) 36... Bf7 (36... Kh8 $17 37. Bxc4 Nc5) 37. Bxc4 $2 {[%mdl 8192] [#]} ({White must play} 37. Rb7 $1 $15 Nc7 38. Bxc4) 37... Rxc4 $1 $19 {[%mdl 512] Black is clearly winning.} 38. Qxc4 Nd4 $1 39. Qd3 Nxe2+ ({Much less strong is} 39... Qxe2 40. Qxe2 Nxe2+ 41. Kg2 $19) 40. Kf1 (40. Kh2 $142 Nc3 41. Bb2 Nxb1 42. Bxg7 Kxg7 43. Rxb1) 40... Nc3 41. Re1 Qc7 {And now ...Bc4 would win.} 42. Rb4 Na2 {Precision: White = 27%, Black = 44%.} 0-1

[Event "17th Prague Open 2018"]
[Site "Prague"]
[Date "2018.01.16"]
[Round "6"]
[White "Tarun V Kanth"]
[Black "Sergienko, Sergey"]
[Result "1/2-1/2"]
[WhiteElo "2077"]
[BlackElo "2329"]
[Annotator "TA"]
[PlyCount "82"]
[EventDate "2018.??.??"]
[EventType "swiss"]
[EventCountry "CZE"]
[SourceTitle "playchess.com"]
[Source "ChessBase"]
[SourceQuality "1"]

{[%evp 26,82,76,64,97,77,66,85,77,77,93,81,135,108,101,85,115,73,95,84,83,0,0,0,122,15,31,0,6,-25,0,0,0,-1,33,20,14,17,57,0,0,0,0,0,0,0,0,0,0,0,0,0,0,0,0,0,0,0,0]} 1. d4 Nf6 2. c4 e6 3. Nc3 c5 4. d5 exd5 5. cxd5 d6 6. e4 g6 7. Bd3 Bg7 8. h3 O-O 9. Nf3 Nbd7 10. O-O Nh5 11. Bg5 {A70: Modern Benoni: 6 e4 g6 7 Nf3} Bf6 12. Bh6 Re8 13. Be2 a6 {[#]} 14. a4 $1 {LiveBook: 5 Games} b6 {[#]} 15. Qc2 $146 ({Predecessor:} 15. Qd2 Ra7 16. Rae1 Ng7 17. Nh2 Bd4 18. Kh1 f6 {1-0 (43) Wang,Y (2644)-Smerdon,D (2460) Cappelle-la-Grande 2007}) 15... Qe7 16. Rae1 Bg7 17. Bg5 Qf8 18. Nd2 Bf6 (18... h6 $142 19. Be3 Rb8) 19. Be3 Ng7 20. Kh2 Rb8 21. f4 Nf5 22. exf5 {Black must now prevent Bd3.} Rxe3 23. Bd3 (23. Nc4 $16 Re7 24. fxg6 (24. Nxd6 Rxe2 25. Rxe2 Qxd6 $15) 24... hxg6 25. Ne4 (25. Nxd6 Rxe2 26. Qxe2 Qxd6 $15)) 23... Rxe1 $11 24. Rxe1 {[%cal Rf5g6]} Qh6 (24... Bb7 $11 {keeps the balance.}) 25. g3 (25. Re8+ $16 Kg7 26. Ne2) 25... Bb7 26. Nde4 Qf8 27. Nf2 {[%cal Rf5g6]} Re8 28. Rxe8 Qxe8 29. Nfe4 Be7 30. Qe2 Qc8 31. Nf2 Kf8 32. g4 (32. Ng4 $1 $14) 32... Nf6 {The position is equal.} 33. g5 Nxd5 34. Nxd5 Bxd5 35. f6 Bd8 36. Bxa6 Qe6 37. Qxe6 Bxe6 38. Kg3 {[#]} h6 $1 {[%mdl 512]} 39. h4 (39. gxh6 Bxf6) 39... hxg5 40. hxg5 Bc7 41. Bb5 Bf5 {Precision: White = 61%, Black = 50%.} 1/2-1/2

[Event "17th Prague Open 2018"]
[Site "Prague"]
[Date "2018.01.17"]
[Round "7"]
[White "Kiriakov, Petr"]
[Black "Liu, Yi"]
[Result "1/2-1/2"]
[WhiteElo "2528"]
[BlackElo "2337"]
[Annotator "TA"]
[PlyCount "89"]
[EventDate "2018.??.??"]
[EventType "swiss"]
[EventCountry "CZE"]
[SourceTitle "playchess.com"]
[Source "ChessBase"]
[SourceQuality "1"]

{[%evp 26,89,19,0,3,2,13,0,4,-15,-14,0,0,0,0,0,0,0,0,0,0,0,0,0,0,4,10,11,16,14,64,0,0,0,18,0,0,0,12,13,18,6,18,18,17,18,8,-10,6,6,7,7,10,0,3,0,13,16,12,13,13,14,14,0,0,0]} 1. d4 d5 2. c4 e6 3. Nc3 Nf6 4. cxd5 exd5 5. Bg5 Nbd7 6. e3 Be7 7. Bd3 c6 8. Qc2 h6 9. Bh4 Nh5 10. Bxe7 {D36: Damengambit (Abtauschvariante)} Qxe7 11. O-O-O Nb6 12. Kb1 Nf6 13. h3 Be6 14. Nf3 {LiveBook: 9 Partien} O-O-O 15. Rc1 Kb8 {[#]} 16. Ka1 $146 ({Vorgänger:} 16. Na4 Nfd7 17. Ka1 Nxa4 18. Qxa4 {1-0 (53) Mareco,S (2598)-Bellia,F (2405) Graz 2015}) 16... Rc8 17. Na4 Nxa4 18. Qxa4 Nd7 19. Rc3 Nb6 20. Qa5 Rc7 21. Ne5 {[%cal Bf3e5,Be5g6,Bg6f4][%mdl 32]} Re8 22. Ra3 (22. g4 {is more complex.} Qh4 23. Ra3 Nc8 24. Qd2 Nd6 25. Kb1) 22... Nc8 23. Rc1 f6 24. Ng6 Qd7 25. g4 {[%cal Bg2g4,Bg4h5][%mdl 32]} h5 26. gxh5 Bxh3 27. Nf4 Bg4 28. Bg6 (28. Rac3 $1 $14) 28... Rh8 $11 {Die Stellung ist ausgeglichen.} 29. Rb3 Nb6 30. Ra3 Nc8 31. Rb3 Nb6 {[%cal Bc8b6,Bb6c4,Bc4d2][%mdl 32]} 32. Nd3 Nc4 33. Qb4 {Droht Sc5.} Qc8 34. Nf4 Bf5 35. Bxf5 Qxf5 36. Qe1 Re8 37. Qg1 Nd2 38. Rbc3 Ne4 39. R3c2 Ng5 40. b4 (40. Qg2 {keeps more tension.} Rec8 41. b4 Qd7 42. Kb2 Qd6 43. a3) 40... Ne6 41. Qg6 Qxg6 42. Nxg6 Nf8 43. Nf4 Ne6 44. Ng6 Nf8 45. b5 {Precision: Weiß = 64%, Schwarz = 71%.} 1/2-1/2

[Event "17th Prague Open 2018"]
[Site "Prague"]
[Date "2018.01.17"]
[Round "7"]
[White "Stefansson, Hannes"]
[Black "Pacher, Milan"]
[Result "1/2-1/2"]
[WhiteElo "2523"]
[BlackElo "2444"]
[Annotator "TA"]
[PlyCount "35"]
[EventDate "2018.??.??"]
[EventType "swiss"]
[EventCountry "CZE"]
[SourceTitle "playchess.com"]
[Source "ChessBase"]
[SourceQuality "1"]

{[%evp 22,35,0,0,11,0,0,0,0,0,0,-22,-8,-17,-2,-2]} 1. e4 e5 2. Nf3 Nc6 3. Bb5 a6 4. Ba4 Nf6 5. d3 b5 6. Bb3 Bc5 7. O-O d6 8. c3 h6 9. a4 {C78: Ruy Lopez: Archangelsk and Möller Defences} (9. Re1 O-O 10. Nbd2 Ne7 11. a4 b4 12. d4 bxc3 13. bxc3 exd4 14. cxd4 Bb4 15. Re3 Ng6 16. h3 a5 {0-1 (65) Zhigalko,S (2638)-Giri,A (2762) Heraklio 2017}) 9... Rb8 10. axb5 axb5 11. Be3 O-O 12. Nbd2 {LiveBook: 4 Games. The position is equal.} Qe7 $146 ({Find the theoretical novelty and annotate with similar games:} 12... Re8 13. h3 Bb6 14. Nh4 d5 15. Bxb6 Rxb6 16. Ra8 Rb8 17. Rxb8 Nxb8 18. Qf3 Be6 {½-½ (26) Gonzalez Vidal,Y (2561)-Quesada Perez,Y (2493) Havana 2014}) 13. h3 (13. Qe1 {NOTEXT} Bd7 14. Nh4 Rfd8 15. Ng6 Qe8 16. f4) 13... Bxe3 14. fxe3 b4 15. c4 {[%cal Bc3c4,Bc4c5,Bc5d6][%mdl 32]} Nd8 {[%cal Bc6d8,Bd8e6,Be6g5][%mdl 32]} 16. d4 Ne6 17. c5 ({Reject} 17. dxe5 dxe5 18. Bc2 Rd8 $17) 17... Ng5 18. cxd6 1/2-1/2

[Event "17th Prague Open 2018"]
[Site "Prague"]
[Date "2018.01.17"]
[Round "7"]
[White "Chernyshov, Konstantin"]
[Black "Ustinov, Alexey"]
[Result "1-0"]
[WhiteElo "2480"]
[BlackElo "2240"]
[Annotator "TA"]
[PlyCount "67"]
[EventDate "2018.??.??"]
[EventType "swiss"]
[EventCountry "CZE"]
[SourceTitle "playchess.com"]
[Source "ChessBase"]
[SourceQuality "1"]

{[%evp 17,67,31,9,-17,53,57,59,56,64,51,44,47,52,48,71,70,122,120,107,57,131,111,101,79,84,77,73,73,85,73,73,73,98,93,101,101,136,141,132,132,141,124,134,133,218,194,334,316,1010,969,945,936]} 1. d4 e6 2. c4 Nf6 3. Nf3 b6 4. g3 Ba6 5. Qc2 c5 6. Bg2 Bb7 7. dxc5 Bxc5 8. Nc3 O-O 9. O-O Nc6 {LiveBook: 11 Partien} 10. b3 {E17: Damenindisch (Hauptfortsetzung)} (10. a3 Nd4 11. Nxd4 Bxg2 12. Nxe6 fxe6 13. Kxg2 d5 14. cxd5 exd5 15. Bg5 d4 16. Rad1 h6 17. Bxf6 Qxf6 {1-0 (29) Lysyj,I (2618)-Khanin,S (2458) Khanty-Mansiysk 2017}) 10... Qc8 ({Besser ist} 10... d5 $11) 11. Bb2 $14 Nd4 $146 ({Vorgänger:} 11... d5 12. cxd5 exd5 13. a3 Ne7 14. Rac1 Ne4 15. b4 Bd6 16. Qb3 Qg4 17. Nb5 Ba6 {½-½ (72) Perhinig,R (2287)-Knoll,H (2389) Austria 2009}) 12. Nxd4 {Weiß steht etwas besser.} Bxd4 13. Nd5 Bxd5 14. Bxd4 Bxg2 15. Kxg2 Qc6+ 16. f3 Rfd8 {[#]} (16... Ne8 $14) 17. Bxf6 $1 $16 gxf6 18. Qb2 f5 (18... e5 $14) 19. Rfd1 d5 20. Rac1 {[%cal Ba1c1,Bc1c4,Bc4d4][%mdl 32]} dxc4 21. Rxc4 Qe8 22. Rxd8 Qxd8 {[%mdl 4096] Endspiel KDT-KDT} 23. Qc3 b5 24. Rd4 Qe8 25. Qe3 Qe7 {[#]} 26. Rd5 $1 {[%mdl 512] Und Txf5! würde nun gewinnen.} Qb7 (26... exd5 27. Qxe7) 27. Qg5+ Kh8 28. Rd4 Qc7 29. Qf6+ Kg8 30. e4 {[%cal Be2e4,Be4f5][%mdl 32]} Qc2+ (30... Re8 $16 31. Qg5+ (31. exf5 Qc2+ 32. Kh3 Qxf5+ 33. Qxf5 exf5 $16) 31... Kh8 32. Qf6+ (32. exf5 Qc2+ 33. Kh3 Qxf5+ 34. Qxf5 exf5 $16) 32... Kg8) 31. Kh3 $18 Qf2 (31... Re8 {war angesagt.} 32. Qg5+ (32. Rd7 Rf8 $18) 32... Kh8 33. Qf6+ Kg8) 32. exf5 Qxf3 $2 (32... exf5 33. Rd7 Qf1+ 34. Kh4 Rf8) 33. Qg5+ Kh8 34. Rg4 {Precision: Weiß = 74%, Schwarz = 29%.} 1-0

[Event "17th Prague Open 2018"]
[Site "Prague"]
[Date "2018.01.17"]
[Round "7"]
[White "Smith, Bryan"]
[Black "Sivakumar, Ashvin"]
[Result "1/2-1/2"]
[WhiteElo "2439"]
[BlackElo "2208"]
[Annotator "TA"]
[PlyCount "87"]
[EventDate "2018.??.??"]
[EventType "swiss"]
[EventCountry "CZE"]
[SourceTitle "playchess.com"]
[Source "ChessBase"]
[SourceQuality "1"]

{[%evp 12,87,23,20,21,37,40,41,40,38,45,25,35,12,22,22,25,23,31,10,27,30,25,22,33,38,33,22,24,18,19,21,27,3,16,0,0,0,7,0,0,0,0,0,0,0,3,2,9,5,8,7,8,0,0,13,18,0,0,0,0,0,0,-28,0,-59,-59,-71,0,0,0,0,0,0,0,0,0,0]} 1. e4 e5 2. Nf3 Nc6 3. Nc3 Nf6 4. Bb5 Nd4 5. Bc4 d6 6. Nxd4 {C48: Four Knights: 4 Bb5, replies other than 4...Bb4} exd4 7. Nd5 {LiveBook: 31 Games} Be6 (7... Nxd5 8. Bxd5 c6 9. Bb3 g6 10. O-O Bg7 11. d3 O-O 12. f4 a5 13. a4 Be6 14. Bxe6 fxe6 {½-½ (70) Naiditsch,A (2687)-Bu,X (2705) Doha 2016}) 8. O-O c6 9. Qe2 $146 ({Predecessor:} 9. Nxf6+ Qxf6 10. d3 O-O-O 11. Bxe6+ fxe6 12. f4 g6 13. Bd2 Bg7 {1-0 (39) Willemze,T (2391)-Van der Veen,J (2144) Hoogeveen 2009}) 9... Be7 10. Nxe7 Qxe7 11. Bxe6 fxe6 12. e5 dxe5 13. Qxe5 Rd8 14. d3 O-O 15. Re1 Rfe8 16. Bg5 Rd5 17. Qg3 Nh5 18. Bxe7 Nxg3 19. Ba3 ({Don't go for} 19. Rxe6 $2 Nf5 $19) 19... Nh5 20. Re2 e5 21. Rae1 g5 22. h4 g4 23. g3 Nf6 24. Bb4 Kf7 25. c4 dxc3 $1 26. Bxc3 Rxd3 27. Rxe5 Rxe5 28. Rxe5 $11 {[%mdl 4096] Endgame KRB-KRN} Nd5 29. Rf5+ Ke6 30. Rh5 Nxc3 31. bxc3 {KR-KR} Rd7 32. Rg5 b5 {[%cal Bb7b5,Bb5b4][%mdl 32]} 33. Rxg4 a5 34. h5 Rd5 35. Re4+ Kf6 36. g4 Rd3 37. c4 b4 38. g5+ ({White should play} 38. Kg2 $11) 38... Kxg5 $15 {Threatens to win with ...Ra3.} 39. Re5+ Kh6 (39... Kg4 $17 40. Rxa5 Rd2) 40. Rxa5 $11 {The position is equal.} Ra3 41. Rc5 Rxa2 {[#] ...Ra6 is the strong threat.} 42. Rxc6+ Kxh5 43. Rb6 Rb2 44. c5 {Precision: White = 57%, Black = 68%.} 1/2-1/2

[Event "17th Prague Open 2018"]
[Site "Prague"]
[Date "2018.01.17"]
[Round "7"]
[White "Popov, Mikhail"]
[Black "Schippers, Maurice"]
[Result "0-1"]
[WhiteElo "2416"]
[BlackElo "2309"]
[Annotator "TA"]
[PlyCount "84"]
[EventDate "2018.??.??"]
[EventType "swiss"]
[EventCountry "CZE"]
[SourceTitle "playchess.com"]
[Source "ChessBase"]
[SourceQuality "1"]

{[%evp 18,84,38,0,20,9,14,-44,-42,-62,-39,-39,-37,-18,-24,-64,-60,-59,-55,-114,-120,-149,-141,-141,-115,-179,-174,-229,-223,-294,-287,-340,-337,-339,-335,-344,-340,-327,-342,-326,-326,-275,-292,-660,-656,-637,-586,-972,-959,-1060,-1047,-1177,-1173,-1130,-1116,-1156,-1141,-1252,-976,-947,-929,-862,-636,-629,-629,-620,-620,-693,-606]} 1. g3 g6 2. Bg2 Bg7 3. c4 c5 4. Nc3 Nc6 5. d3 d6 6. a3 Nf6 7. Rb1 a5 8. Nf3 O-O 9. O-O Bd7 10. h3 {LiveBook: 5 Games. A38: Symmetrical English vs ...g6: 4 Bg2 Bg7 5 Nf3 Nf6} Nd4 11. Nxd4 cxd4 12. Na2 $146 ({Better is} 12. Nb5 $11) ({Predecessor:} 12. Nb5 Bxb5 13. cxb5 d5 14. a4 e6 15. Bd2 Qd7 16. b4 axb4 17. Rxb4 Rfc8 {0-1 (32) Skoberne,J (2573)-Akopian,V (2681) Warsaw 2013}) 12... Bc6 13. b4 Bxg2 14. Kxg2 d5 15. c5 axb4 16. Rxb4 Nd7 17. Rxb7 Nxc5 18. Rb4 (18. Rb5 $15 Qd6 19. Qd2) 18... Qd7 $17 19. Bb2 e5 20. Qb1 h5 {[%cal Bh7h5,Bh5h4][%mdl 32]} 21. Rc1 (21. Bc1 $17 {was called for.}) 21... Rfc8 $19 22. Rc2 {[#]} (22. Rb6 $142) 22... h4 $1 {[%mdl 512]} 23. Qc1 (23. gxh4 Bf6) 23... Bf8 24. Rb6 Na4 25. Rb3 hxg3 26. fxg3 Be7 27. Ba1 Rxc2 28. Qxc2 Nc5 29. Rb1 Rxa3 30. Rb8+ $2 {[#]} (30. Nb4) 30... Kg7 {Black is clearly winning.} 31. Qb1 Qa7 32. Qb5 Rxa2 33. Qe8 Kf6 34. Qh8+ Ke6 35. Qc8+ Kd6 36. Bb2 Qc7 37. Qe8 Na4 38. Ra8 Rxb2 39. Qxa4 Qc6 40. Qa5 {If only White now had time for Ra6....} Rb6 (40... Rxe2+ $2 41. Kf1 $19) 41. Ra7 {Now Qa3+ and White clings on.} Ke6 42. Qd2 Ra6 {Precision: White = 30%, Black = 84%.} 0-1